[Event "British Chess Championships 2023: First Blitz U1600"]
[Site "The Venue, De Montfort University, 20 Western Boulevard, Leicester, LE2 7BU"]
[Date "2023.07.20"]
[Round "5"]
[Board "5"]
[White "Clare, Philip"]
[Black "Ryan, John"]
[Result "0-1"]
[WhiteElo "1502"]
[BlackElo "1425"]
[PlyCount "0"]
[EventDate "2023.07.20"]
[EventRounds "9"]
[EventCountry "ENG"]

1. c4 b6 2. Nc3 Bb7 3. Nf3 d6 4. g3 Nd7 5. Bg2 Ngf6 6. e4 e6 7. O-O Be7 8. Re1 O-O
9. b3 c5 10. Bb2 Rc8 11. d4 cxd4 12. Nxd4 Nc5 13. e5 Bxg2 14. exf6 Bxf6 15. Kxg2
e5 16. Ndb5 Qd7 17. Qxd6 Qb7+ 18. Nd5 Rfd8 19. Qxd8+ Rxd8 20. Bxe5 Bxe5 21. Rxe5
a6 22. Nd4 Nd3 23. Re7 Qb8 24. Rd1 Nxf2 25. Kxf2 Re8 26. Rde1 Rxe7 27. Rxe7 h6 28.
Nc6 Qc8 29. Rc7 Qf5+ 30. Kg2 Qe4+ 31. Kh3 Qf5+ 32. g4 Qf3+ 33. Kh4  0-1

[Event "British Chess Championships 2023: First Blitz U1600"]
[Site "The Venue, De Montfort University, 20 Western Boulevard, Leicester, LE2 7BU"]
[Date "2023.07.20"]
[Round "6"]
[Board "1"]
[White "Gelder, Stephanie"]
[Black "Seet, Joshua"]
[Result "0-1"]
[WhiteElo "1441"]
[BlackElo "1569"]
[PlyCount "0"]
[EventDate "2023.07.20"]
[EventRounds "9"]
[EventCountry "ENG"]

1. d4 c6 2. Bf4 d5 3. h3 Bf5 4. e3 Nf6 5. Bd3 Bg6 6. Bxg6 hxg6 7. Nc3 e6 8. Nf3 Bd6
9. Bxd6 Qxd6 10. O-O Nbd7 11. Qe2 e5 12. dxe5 Nxe5 13. Nxe5 Qxe5 14. f4 Qd6 15. Rfe1
O-O-O 16. Rad1 Qc5 17. Qf2 Qb4 18. Rb1 Rhe8 19. Nd1 d4 20. a3 Qb6 21. exd4 Rxe1+
22. Qxe1 Qxd4+ 23. Qf2 Qd7 24. Nc3 Nd5 25. Nxd5 Qxd5 26. b3 b6 27. c4 Qd3 28. Rb2
Qd1+ 29. Qf1 Qd4+ 30. Qf2 Qc3 31. Qc2 Qf6 32. Rb1 Qxf4 33. Rf1 Qe3+ 34. Kh2 f5 35.
a4 Rd2 36. Qb1 Rd3 37. Re1 Qg3+ 38. Kh1 Rxb3 39. Re8+ Kb7 40. Qd1 Rd3 41. Qc1 f4
42. c5 Rc3 43. Qd1 Rxc5 44. Qb1 f3 45. Re2 fxe2  0-1

[Event "British Chess Championships 2023: First Blitz U1600"]
[Site "The Venue, De Montfort University, 20 Western Boulevard, Leicester, LE2 7BU"]
[Date "2023.07.20"]
[Round "6"]
[Board "2"]
[White "Ewart, Samuel"]
[Black "Adams, Andrew"]
[Result "0-1"]
[WhiteElo "1086"]
[BlackElo "1586"]
[PlyCount "0"]
[EventDate "2023.07.20"]
[EventRounds "9"]
[EventCountry "ENG"]

1. d4 d5 2. c4 e6 3. e3 Nf6 4. Nf3 Bd6 5. Nc3 c6 6. Bd3 Nbd7 7. O-O b6 8. Bd2 Bb7
9. b3 O-O 10. Qc2 h6 11. e4 dxe4 12. Bxe4 Nxe4 13. Nxe4 Nf6 14. Nxf6+ Qxf6 15. Rfe1
c5 16. dxc5 bxc5 17. Re3 Qxa1+ 18. Re1 Qf6 19. Bc3 Qg6 20. Qd1 Bxf3 21. Qxf3 Rad8
22. h3 Rfe8 23. Re3 Be7 24. Re4 f5 25. Re5 Bf6 26. Re3 Bxc3 27. Rxc3 e5 28. a4 e4
29. Qf4 Rd3 30. Rxd3 exd3 31. Qd2 Qd6 32. a5 Re2 33. Qc3 Qf4 34. g3 Qxf2+ 35. Kh1
Qg2#  0-1

[Event "British Chess Championships 2023: First Blitz U1600"]
[Site "The Venue, De Montfort University, 20 Western Boulevard, Leicester, LE2 7BU"]
[Date "2023.07.20"]
[Round "6"]
[Board "3"]
[White "Patel, Diah"]
[Black "Boztas, Lana"]
[Result "0-1"]
[WhiteElo "1406"]
[BlackElo "1478"]
[PlyCount "0"]
[EventDate "2023.07.20"]
[EventRounds "9"]
[EventCountry "ENG"]

1. e4 c5 2. Nc3 Nc6 3. g3 d6 4. Bg2 g6 5. f4 Bg7 6. Nf3 Nf6 7. d3 O-O 8. O-O a6 9.
h3 Nh5 10. g4 Nf6 11. g5 Nh5 12. Nh2 Bd4+ 13. Rf2 Bxf2+ 14. Kxf2 Nd4 15. f5 Ng7 16.
Ne2 gxf5 17. Nxd4 cxd4 18. Bf4 e5 19. Bd2 f4 20. Bf3 Qxg5 21. Qe2 Qh4+ 22. Kg1 Qxh3
23. Kh1 Kh8 24. Rg1 Be6 25. c3 Bxa2 26. Bg4 Qh6 27. Qg2 Rg8 28. cxd4 Be6 29. Bxe6
Nxe6 30. Qf2 Rxg1+ 31. Qxg1 Rg8 32. Qf2 Nxd4 33. Bc3 f3 34. Bxd4 Qc1+ 35. Nf1 Qh6+
36. Nh2 exd4 37. Qxd4+ Qg7 38. Qxg7+ Rxg7 39. Nxf3 f6 40. d4 Rg3 41. Nd2 Rd3 42.
Nc4 Rxd4 43. Nb6 Rxe4 44. Nd5 f5 45. Nf6 Rb4 46. Ne8 d5 47. Nd6 f4 48. Nf5 Rxb2 49.
Nd4 Rd2 50. Ne6 f3 51. Kg1 d4 52. Nf4 d3 53. Kf1 Rd1+ 54. Kf2 Ra1 55. Kxf3 d2  0-1

[Event "British Chess Championships 2023: First Blitz U1600"]
[Site "The Venue, De Montfort University, 20 Western Boulevard, Leicester, LE2 7BU"]
[Date "2023.07.20"]
[Round "6"]
[Board "4"]
[White "Ryan, John"]
[Black "Riggs, Samuel"]
[Result "0-1"]
[WhiteElo "1425"]
[BlackElo "1425"]
[PlyCount "0"]
[EventDate "2023.07.20"]
[EventRounds "9"]
[EventCountry "ENG"]

1. d4 Nf6 2. Nf3 g6 3. Bf4 Bg7 4. e3 O-O 5. Be2 d6 6. O-O Nbd7 7. c3 c5 8. dxc5 dxc5
9. Nbd2 b6 10. Nb3 Bb7 11. Bg3 Nh5 12. Bh4 Qc7 13. Nfd2 Nhf6 14. Bf3 Rad8 15. Bxb7
Qxb7 16. Qf3 Qc8 17. Qe2 Ne5 18. Bg3 Nd3 19. Nc4 b5 20. Ne5 c4 21. Nd4 Nxe5 22. Bxe5
Nh5 23. Bxg7 Nxg7 24. Nxb5 Rd5 25. Na3 Nf5 26. Qxc4 Qe6 27. Qe2 Rfd8 28. Rfd1 Rxd1+
29. Rxd1 Rxd1+ 30. Qxd1 Qe5 31. g3 Kg7 32. Nc4 Qe6 33. b3 Qc6 34. Qf1 Qa6 35. a4
f6 36. Qd1 Kh6 37. Qd2 g5 38. e4 Ng7 39. Qe3  0-1

[Event "British Chess Championships 2023: First Blitz U1600"]
[Site "The Venue, De Montfort University, 20 Western Boulevard, Leicester, LE2 7BU"]
[Date "2023.07.20"]
[Round "6"]
[Board "5"]
[White "Ewart, Thomas"]
[Black "Clare, Philip"]
[Result "1-0"]
[WhiteElo "1293"]
[BlackElo "1502"]
[PlyCount "0"]
[EventDate "2023.07.20"]
[EventRounds "9"]
[EventCountry "ENG"]

1. d4 Nf6 2. c4 g6 3. Nf3 Bg7 4. g3 d6 5. Bg2 O-O 6. O-O c5 7. d5 Nbd7 8. Nc3 b6
9. b3 Bb7 10. Bg5 Re8 11. Qd2 e6 12. Bh6 exd5 13. cxd5 Bxh6 14. Qxh6 Nxd5 15. Ng5
N5f6 16. Bxb7 Rb8 17. Bd5 Nf8 18. Bxf7+ Kh8 19. Bxe8 Qxe8 20. e3 Ng4 21. Qh4 h5 22.
h3 Nf6 23. Nf3 Qf7 24. Rfd1 Re8 25. Rxd6 Ne4 26. Nxe4 Qxf3 27. Nf6 Re6 28. Rxe6 Nxe6
29. Qe4 Qxe4 30. Nxe4 Kg7 31. h4 Kf7 32. Ng5+ Ke7 33. Nxe6 Kxe6 34. Rd1 Ke7 35. Rd5
Ke6 36. Rg5 Kf6 37. e4 a5 38. e5+ Kg7 39. e6 Kf6 40. f4 Kxe6 41. Rxg6+ Kf7 42. Rxb6
 1-0

[Event "British Chess Championships 2023: First Blitz U1600"]
[Site "The Venue, De Montfort University, 20 Western Boulevard, Leicester, LE2 7BU"]
[Date "2023.07.20"]
[Round "7"]
[Board "1"]
[White "Riggs, Samuel"]
[Black "Seet, Joshua"]
[Result "0-1"]
[WhiteElo "1425"]
[BlackElo "1569"]
[PlyCount "0"]
[EventDate "2023.07.20"]
[EventRounds "9"]
[EventCountry "ENG"]

1. e4 c6 2. Nc3 d5 3. Nf3 dxe4 4. Nxe4 Nf6 5. Qe2 Nxe4 6. Qxe4 Nd7 7. Bc4 Nf6 8.
Ne5 e6 9. Qe2 Bd6 10. d4 O-O 11. O-O Qc7 12. c3 b5 13. Bb3 Ba6 14. Qf3 Rac8 15. Bg5
Bxe5 16. dxe5 Qxe5 17. Bf4 Qf5 18. Rfe1 Nd5 19. Bd6 Qxf3 20. gxf3 Rfd8 21. Bc5 Nf4
22. Re4 Nd3 23. Bxa7 Nxb2 24. Rb1 Nd3 25. Bb6 Rd7 26. Rd1 c5 27. Rxe6 c4 28. Re3
Rb8 29. Bd4 Nb2 30. Rde1 h6 31. Re8+ Rxe8 32. Rxe8+ Kh7 33. Bc2+ Nd3 34. Re3 b4 35.
cxb4 Rxd4 36. a4 g6 37. b5 Bc8 38. Re7 Kg7 39. Kg2 Nb4 40. Be4 c3 41. Rc7 Be6 42.
Rxc3 Nd5 43. Bxd5 Bxd5 44. Ra3 Rb4 45. a5 Rxb5 46. a6 Rb8 47. a7 Ra8 48. Kg3 Kf6
49. h4 h5 50. f4 Kf5 51. f3 Ke6 52. Ra6+ Kd7 53. Ra5 Bc6 54. Re5 Rxa7 55. f5 gxf5
56. Rxf5 Ke6 57. Rxh5 Ra3 58. Rh6+ f6 59. Rh5 Rxf3+ 60. Kg4 Rf1 61. Kh3 Rh1+ 62.
Kg3 f5 63. Rh6+ Kd5 64. Rf6 Bd7 65. Rh6 Ke4 66. Rh7 Be6 67. Re7 Ke5 68. Kf3 Rxh4
69. Ke3 Re4+ 70. Kd3 f4 71. Rf7 Bxf7  0-1

[Event "British Chess Championships 2023: First Blitz U1600"]
[Site "The Venue, De Montfort University, 20 Western Boulevard, Leicester, LE2 7BU"]
[Date "2023.07.20"]
[Round "7"]
[Board "2"]
[White "Adams, Andrew"]
[Black "Gelder, Stephanie"]
[Result "1-0"]
[WhiteElo "1586"]
[BlackElo "1441"]
[PlyCount "0"]
[EventDate "2023.07.20"]
[EventRounds "9"]
[EventCountry "ENG"]

1. e4 d5 2. exd5 Qxd5 3. Nc3 Qd8 4. Nf3 c6 5. d4 Bf5 6. Bd3 Bxd3 7. Qxd3 e6 8. Bf4
Bd6 9. Bxd6 Qxd6 10. Ne4 Qe7 11. O-O Nf6 12. Rad1 Nbd7 13. Rfe1 Nxe4 14. Rxe4 O-O-O
15. Qe3 Nf6 16. Rh4 Nd5 17. Qe4 Nf6 18. Qe5 Qd6 19. c3 Qxe5 20. Nxe5 g5 21. Rh3 Rhf8
22. f3 h5 23. Rf1 Rd5 24. g4 hxg4 25. fxg4 Nxg4 26. Nxg4 f5 27. Ne5 c5 28. Rh7 cxd4
29. cxd4 Rxd4 30. Rc1+ Kb8 31. Nd7+ Rxd7 32. Rxd7 g4 33. Rcc7 f4 34. Rxb7+ Kc8 35.
Rxa7 Kb8 36. Ra4 Rg8 37. Rxf4 g3 38. hxg3 Rxg3+ 39. Kf2 Rh3 40. Rf8#  1-0

[Event "British Chess Championships 2023: First Blitz U1600"]
[Site "The Venue, De Montfort University, 20 Western Boulevard, Leicester, LE2 7BU"]
[Date "2023.07.20"]
[Round "7"]
[Board "3"]
[White "Boztas, Lana"]
[Black "Ovens, James A"]
[Result "1/2-1/2"]
[WhiteElo "1478"]
[BlackElo "1234"]
[PlyCount "0"]
[EventDate "2023.07.20"]
[EventRounds "9"]
[EventCountry "ENG"]

1. c4 g6 2. Nc3 Bg7 3. d3 e6 4. Nf3 Bxc3+ 5. bxc3 Qf6 6. Bd2 Ne7 7. g3 Nbc6 8. Bg2
d6 9. O-O Bd7 10. Rb1 b6 11. d4 O-O-O 12. Bg5 Qf5 13. Re1 f6 14. Bd2 g5 15. e4 Qg6
16. Qa4 a5 17. Qb3 e5 18. d5 Nb8 19. a4 f5 20. exf5 Qxf5 21. Bxg5 Rde8 22. Bxe7 Rxe7
23. Nh4 Qf6 24. Rf1 Rf8 25. f4 Qg7 26. fxe5 Rxf1+ 27. Rxf1 Rxe5 28. Qd1 Bg4 29. Qd4
Nd7 30. Qf4 Qg8 31. h3 Be6 32. Nf3 Rf5 33. Qg4 Qxg4 34. hxg4 Rf8 35. g5 Rg8 36. Re1
Nf8 37. Re3 Kd7 38. Kh2 Ng6 39. Nh4 Nxh4 40. gxh4 Rg6 41. Rf3 Ke8 42. Rf6 Rxf6 43.
gxf6 Kf7 44. Be4 h5 45. Kg3 Kxf6 46. Kf4 Bh3 47. Bh7 Bf1 48. Bg8 Bxc4 49. Be6 Bd3
50. Ke3 Bg6 51. Kd4 Bf5 52. Bg8 Bg6 53. c4 Kf5 54. Be6+ Kf6 55. Bg8 Bf7 56. Bh7 Bg6
57. Bg8 Kf5 58. Be6+ Kf4 59. Bg8  1/2-1/2

[Event "British Chess Championships 2023: First Blitz U1600"]
[Site "The Venue, De Montfort University, 20 Western Boulevard, Leicester, LE2 7BU"]
[Date "2023.07.20"]
[Round "7"]
[Board "4"]
[White "Ryan, John"]
[Black "Ewart, Thomas"]
[Result "1/2-1/2"]
[WhiteElo "1425"]
[BlackElo "1293"]
[PlyCount "0"]
[EventDate "2023.07.20"]
[EventRounds "9"]
[EventCountry "ENG"]

1. d4 d5 2. Nf3 Bf5 3. Bf4 Nf6 4. e3 Nc6 5. c3 e6 6. Be2 Bd6 7. Bg5 O-O 8. O-O a5
9. Nbd2 a4 10. a3 Na5 11. Rc1 Nb3 12. Nxb3 axb3 13. Qxb3 b6 14. Ne5 Be7 15. Nc6 Qd7
16. Nxe7+ Qxe7 17. Rfe1 h6 18. Bh4 Rab8 19. c4 dxc4 20. Bxc4 c5 21. d5 exd5 22. Bxd5
Qe5 23. Rcd1 Rfd8 24. Bg3 Qe7 25. Bxb8 Rxb8 26. Bc6 Be4 27. Bxe4 Nxe4 28. Rf1 Rd8
29. Qxb6 Rxd1 30. Rxd1 Qh4 31. Rf1 Nd2 32. Rd1 Ne4 33. Rf1 Nd2 34. Rd1 Ne4 35. Qb8+
Kh7 36. Rf1 Nd2 37. Rd1 Ne4 38. Rf1 Nd2 39. Rd1 Ne4 40. Rf1  1/2-1/2

[Event "British Chess Championships 2023: First Blitz U1600"]
[Site "The Venue, De Montfort University, 20 Western Boulevard, Leicester, LE2 7BU"]
[Date "2023.07.20"]
[Round "7"]
[Board "5"]
[White "Clare, Philip"]
[Black "Ewart, Samuel"]
[Result "1-0"]
[WhiteElo "1502"]
[BlackElo "1086"]
[PlyCount "0"]
[EventDate "2023.07.20"]
[EventRounds "9"]
[EventCountry "ENG"]

1. c4 e5 2. Nc3 Nc6 3. g3 Nf6 4. Bg2 Bc5 5. e3 d6 6. Nge2 Bb4 7. a3 Bxc3 8. Nxc3
Bf5 9. e4 Bg6 10. O-O O-O 11. d3 Ne7 12. Be3 c5 13. Nd5 Nfxd5 14. cxd5 Qb6 15. b4
Qb5 16. Qd2 f5 17. bxc5 dxc5 18. Rab1 Qa4 19. Qc3 b6 20. d6 Nc6 21. f4 exf4 22. Bxf4
Rad8 23. e5 Rfe8 24. Qc4+ Qxc4 25. dxc4 Nxe5 26. Rfe1 Nxc4 27. Rxe8+ Bxe8 28. Rd1
Nxa3 29. Bg5 Rc8 30. d7 Bxd7 31. Rxd7 c4 32. Bd5+ Kh8 33. Rd8+  1-0

[Event "British Chess Championships 2023: First Blitz U1600"]
[Site "The Venue, De Montfort University, 20 Western Boulevard, Leicester, LE2 7BU"]
[Date "2023.07.20"]
[Round "8"]
[Board "1"]
[White "Seet, Joshua"]
[Black "Ewart, Thomas"]
[Result "1-0"]
[WhiteElo "1569"]
[BlackElo "1293"]
[PlyCount "0"]
[EventDate "2023.07.20"]
[EventRounds "9"]
[EventCountry "ENG"]

1. d4 d5 2. c4 e6 3. Nc3 Nf6 4. cxd5 exd5 5. Bg5 Be7 6. e3 Nc6 7. Nf3 Bg4 8. Be2
O-O 9. Bxf6 Bxf6 10. Qb3 Bxf3 11. Bxf3 Rb8 12. Nxd5 Na5 13. Qc3 c6 14. Nxf6+ Qxf6
15. Qxa5 a6 16. Rc1 Qd8 17. Qc3 Qc7 18. d5 Rfd8 19. dxc6 bxc6 20. Bxc6 Rdc8 21. Ba4
Rxb2 22. Qxc7 Rxc7 23. Rxc7 h6 24. O-O Rxa2 25. Bb3 Rb2 26. Bxf7+ Kh7 27. Bc4 a5
28. Ra7 Rb4 29. Bd3+ Kg8 30. Rxa5 Rb3 31. Bg6 Rb8 32. Rfa1 Kf8 33. Ra8 Rxa8 34. Rxa8+
Ke7 35. h4 Kf6 36. h5 Kg5 37. f3 Kf6 38. Kf2 Kg5 39. g4 Kf6 40. Ra6+ Ke7 41. f4 Kd7
42. Kf3 Ke7 43. e4 Kd7 44. f5 Ke7 45. Kf4 Kd7 46. e5 Ke7 47. Re6+ Kd8 48. Re8+ Kd7
49. f6 gxf6 50. exf6 Kd6 51. f7 Kd5 52. f8=Q Kd4 53. Qd6+ Kc4 54. Rc8+ Kb5 55. Qc7
Kb4 56. Rb8+ Ka4 57. Qa7#  1-0

[Event "British Chess Championships 2023: First Blitz U1600"]
[Site "The Venue, De Montfort University, 20 Western Boulevard, Leicester, LE2 7BU"]
[Date "2023.07.20"]
[Round "8"]
[Board "3"]
[White "Ovens, James A"]
[Black "Patel, Diah"]
[Result "0-1"]
[WhiteElo "1234"]
[BlackElo "1406"]
[PlyCount "0"]
[EventDate "2023.07.20"]
[EventRounds "9"]
[EventCountry "ENG"]

1. b3 e5 2. Bb2 Nc6 3. e3 d5 4. Bb5 Bd6 5. Nf3 Nf6 6. h3 O-O 7. Bxc6 bxc6 8. d4 e4
9. Ne5 Nd7 10. Nxc6 Qf6 11. a3 Bb7 12. Nb4 a5 13. Nxd5 Bxd5 14. Nd2 Qg6 15. g4 f5
16. Qe2 fxg4 17. hxg4 Qf6 18. O-O-O Qxf2 19. Qb5 Be6 20. Rhf1 Qxe3 21. Rxf8+ Rxf8
22. d5 Bxg4 23. Rh1 Bf4 24. Bc3 Qxc3 25. Kb1 Qxd2 26. d6 Bxd6 27. Rg1 Bxa3 28. Qg5
Qxg5  0-1

[Event "British Chess Championships 2023: First Blitz U1600"]
[Site "The Venue, De Montfort University, 20 Western Boulevard, Leicester, LE2 7BU"]
[Date "2023.07.20"]
[Round "8"]
[Board "4"]
[White "Riggs, Samuel"]
[Black "Boztas, Lana"]
[Result "0-1"]
[WhiteElo "1425"]
[BlackElo "1478"]
[PlyCount "0"]
[EventDate "2023.07.20"]
[EventRounds "9"]
[EventCountry "ENG"]

1. e4 c5 2. Nf3 Nc6 3. Bb5 Nd4 4. Nxd4 cxd4 5. d3 Qa5+ 6. Bd2 Qxb5 7. Qc1 d6 8. O-O
Nf6 9. Re1 g6 10. Na3 Qd7 11. c3 dxc3 12. Bxc3 Bg7 13. h3 O-O 14. Qe3 e5 15. Nc4
a6 16. a4 Rb8 17. Rad1 b5 18. axb5 axb5 19. Na3 b4 20. Bxe5 bxa3 21. Bxf6 Bxf6 22.
bxa3 Qa4 23. Ra1 Bxa1 24. Rxa1 Be6 25. d4 Rb3 26. Qf4 Rxa3 27. Rc1 Ra1 28. d5 Rxc1+
29. Qxc1 Bd7 30. Kh2 Qxe4  0-1

[Event "British Chess Championships 2023: First Blitz U1600"]
[Site "The Venue, De Montfort University, 20 Western Boulevard, Leicester, LE2 7BU"]
[Date "2023.07.20"]
[Round "8"]
[Board "5"]
[White "Ewart, Samuel"]
[Black "Ryan, John"]
[Result "0-1"]
[WhiteElo "1086"]
[BlackElo "1425"]
[PlyCount "0"]
[EventDate "2023.07.20"]
[EventRounds "9"]
[EventCountry "ENG"]

1. d4 d5 2. Bf4 Bf5 3. Nf3 Nf6 4. e3 e6 5. c3 c6 6. Bd3 Bxd3 7. Qxd3 Bd6 8. Bg3 Bxg3
9. hxg3 Nbd7 10. Nbd2 a6 11. O-O-O c5 12. Kb1 c4 13. Qc2 b5 14. Rde1 h6 15. e4 dxe4
16. Nxe4 Nxe4 17. Rxe4 Nf6 18. Ree1 Nd5 19. g4 b4 20. cxb4 Ke7 21. Qxc4 Rc8 22. Qxa6
Qd6 23. Qb7+ Rc7 24. Qxc7+ Qxc7 25. Rc1 Qd7 26. b5 Rb8 27. a4 Nb4 28. a5 Qd5 29.
a6 Qa2#  0-1

[Event "British Chess Championships 2023: First Blitz U1600"]
[Site "The Venue, De Montfort University, 20 Western Boulevard, Leicester, LE2 7BU"]
[Date "2023.07.20"]
[Round "9"]
[Board "1"]
[White "Ewart, Thomas"]
[Black "Adams, Andrew"]
[Result "0-1"]
[WhiteElo "1293"]
[BlackElo "1586"]
[PlyCount "0"]
[EventDate "2023.07.20"]
[EventRounds "9"]
[EventCountry "ENG"]

1. d4 d5 2. Bf4 e6 3. Nf3 Bd6 4. Bg3 Nc6 5. e3 Nf6 6. c3 Bxg3 7. hxg3 b6 8. Bd3 h6
9. Qc2 a5 10. O-O Ba6 11. Bxa6 Rxa6 12. Qd3 Ra8 13. Qb5 Qd7 14. Ne5 Nxe5 15. Qxd7+
Nexd7 16. Nd2 O-O 17. Rfe1 Ne4 18. Nxe4 dxe4 19. Rac1 f5 20. c4 c5 21. Red1 Rfd8
22. dxc5 Nxc5 23. Rf1 Rd2 24. Rb1 Nd3 25. a3 Nxb2 26. Rfc1 Rc8 27. c5 Rxc5 28. Rxc5
bxc5 29. Rc1 Rd1+ 30. Rxd1 Nxd1 31. Kf1 Nb2 32. Ke1 Nc4 33. Kd1 Nxa3 34. Kc1 Nc4
35. Kc2 a4 36. Kb1 g5 37. Ka2 Kf7 38. Kb1 e5 39. Kc2 a3 40. Kb3 Ke6 41. Ka2 f4 42.
exf4 exf4 43. gxf4 gxf4 44. Kb3 h5 45. Ka2 h4 46. Kb3 f3 47. gxf3 exf3 48. Kxc4 a2
49. Kxc5 a1=Q 50. Kc4 h3 51. Kd3 h2 52. Ke3 h1=Q 53. Kf4 Qa4+ 54. Ke3 Qb3+ 55. Kf4
Qh4#  0-1

[Event "British Chess Championships 2023: First Blitz U1600"]
[Site "The Venue, De Montfort University, 20 Western Boulevard, Leicester, LE2 7BU"]
[Date "2023.07.20"]
[Round "9"]
[Board "2"]
[White "Ryan, John"]
[Black "Boztas, Lana"]
[Result "0-1"]
[WhiteElo "1425"]
[BlackElo "1478"]
[PlyCount "0"]
[EventDate "2023.07.20"]
[EventRounds "9"]
[EventCountry "ENG"]

1. d4 Nf6 2. Bf4 g6 3. Nf3 Bg7 4. e3 O-O 5. c3 d6 6. Be2 Nc6 7. O-O Nh5 8. Bg5 Nf6
9. Nbd2 a6 10. a3 b5 11. Rc1 Bb7 12. Re1 h6 13. Bh4 g5 14. Bg3 Nd7 15. h3 e5 16.
dxe5 Ndxe5 17. Nxe5 Nxe5 18. Nf3 Nxf3+ 19. Bxf3 Bxf3 20. Qxf3 f5 21. Qd5+ Kh8 22.
Bh2 Qf6 23. Rf1 Rae8 24. Rcd1 Qe6 25. Qb7 Qc8 26. Qf3 Be5 27. Qh5 Kh7 28. Qe2 Bxh2+
29. Kxh2 Qe6 30. Qc2 Kg7 31. Rd2 Qe5+ 32. Kg1 f4 33. exf4 Qxf4 34. Rd4 Qf5 35. Qd2
Re6 36. Rd5 Qf6 37. Re1 Rxe1+ 38. Qxe1 Rf7 39. Qd1 Qxf2+ 40. Kh1 Qf1+ 41. Qxf1 Rxf1+
42. Kh2 Rf2 43. Rd3 Rxb2 44. Kg3 Rb3  0-1

[Event "British Chess Championships 2023: First Blitz U1600"]
[Site "The Venue, De Montfort University, 20 Western Boulevard, Leicester, LE2 7BU"]
[Date "2023.07.20"]
[Round "9"]
[Board "3"]
[White "Patel, Diah"]
[Black "Gelder, Stephanie"]
[Result "0-1"]
[WhiteElo "1406"]
[BlackElo "1441"]
[PlyCount "0"]
[EventDate "2023.07.20"]
[EventRounds "9"]
[EventCountry "ENG"]

1. e4 d5 2. Nc3 d4 3. Nce2 e5 4. Nf3 f6 5. d3 Bb4+ 6. Bd2 Bxd2+ 7. Qxd2 Nc6 8. c3
dxc3 9. Nxc3 Nd4 10. Nxd4 Qxd4 11. Ne2 Qd6 12. g3 Bg4 13. Bg2 Ne7 14. f3 Be6 15.
O-O O-O 16. d4 Bd7 17. d5 c6 18. Nc3 b5 19. a3 a5 20. f4 b4 21. axb4 axb4 22. Rxa8
Rxa8 23. Ne2 cxd5 24. exd5 Bb5 25. fxe5 fxe5 26. Rf2 Ra1+ 27. Rf1 Rxf1+ 28. Bxf1
Bxe2 29. Bxe2 Nxd5 30. Bc4 Qc5+ 31. Kh1 Qxc4 32. Qe1 e4 33. Qa1 h6 34. Qa8+ Kh7 35.
Qe8 Qf1#  0-1

[Event "British Chess Championships 2023: First Blitz U1600"]
[Site "The Venue, De Montfort University, 20 Western Boulevard, Leicester, LE2 7BU"]
[Date "2023.07.20"]
[Round "9"]
[Board "4"]
[White "Ovens, James A"]
[Black "Clare, Philip"]
[Result "0-1"]
[WhiteElo "1234"]
[BlackElo "1502"]
[PlyCount "0"]
[EventDate "2023.07.20"]
[EventRounds "9"]
[EventCountry "ENG"]

1. b3 c5 2. d3 Nc6 3. Bb2 Nf6 4. Nf3 g6 5. Nbd2 Bg7 6. g3 O-O 7. Bg2 d5 8. O-O Re8
9. Re1 e5 10. e4 d4 11. Nc4 Bg4 12. h3 Be6 13. Ncxe5 Nxe5 14. Nxe5 b6 15. Nf3 Qd7
16. Kh2 h5 17. h4 Ng4+ 18. Kg1 Nf6 19. c4 Bh3 20. Ng5 Bxg2 21. Kxg2 Bh6 22. e5 Ng4
23. e6 fxe6 24. Qf3 Rf8 25. Qe2 Rf5 26. Nf3 Raf8 27. Rf1 Rxf3 28. Qxf3 Rxf3 29. Kxf3
Qf7+ 30. Kg2 Bg7 31. Rae1 e5 32. Re4 Qb7 33. f3 Nf6 34. Rxe5 Ng4 35. Re8+ Kh7 36.
Kh3 Ne3 37. Re1 Qd7+ 38. g4 Qxe8 39. Kg3 Qe5+ 40. f4 Qd6 41. Kf3 hxg4+ 42. Kg3 Qc6
43. Rg1 Qf3+  0-1

[Event "British Chess Championships 2023: First Blitz U1600"]
[Site "The Venue, De Montfort University, 20 Western Boulevard, Leicester, LE2 7BU"]
[Date "2023.07.20"]
[Round "9"]
[Board "5"]
[White "Ewart, Samuel"]
[Black "Riggs, Samuel"]
[Result "1-0"]
[WhiteElo "1086"]
[BlackElo "1425"]
[PlyCount "0"]
[EventDate "2023.07.20"]
[EventRounds "9"]
[EventCountry "ENG"]

1. d4 Nf6 2. Bf4 g6 3. Nf3 Bg7 4. e3 O-O 5. Bd3 d6 6. c3 c5 7. Nbd2 Re8 8. O-O e5
9. Bg5 h6 10. Bxf6 Bxf6 11. Bc2 cxd4 12. cxd4 exd4 13. exd4 Nc6 14. Ne4 Bg7 15. Re1
Bg4 16. h3 Bf5 17. d5 Ne5 18. Nxe5 Bxe5 19. Rb1 Rc8 20. Bd3 Qb6 21. Qd2 Bg7 22. g4
Bd7 23. a3 f5 24. Nc3 a5 25. Rxe8+ Rxe8 26. Kg2 fxg4 27. hxg4 Bxg4 28. Bxg6 Qd8 29.
Bxe8 Qxe8 30. Re1 Qf7 31. Qe3 Kh7  1-0